<?xml version="1.0" encoding="UTF-8"?>
<record
    xmlns:xsi="http://www.w3.org/2001/XMLSchema-instance"
    xsi:schemaLocation="http://www.loc.gov/MARC21/slim http://www.loc.gov/standards/marcxml/schema/MARC21slim.xsd"
    xmlns="http://www.loc.gov/MARC21/slim">

  <leader>02456    a2200241   4500</leader>
  <controlfield tag="001">12740</controlfield>
  <controlfield tag="005">20260407155440.0</controlfield>
  <controlfield tag="008">260407a2011    arg                 spa d</controlfield>
  <controlfield tag="003">AR-UNSa-BCEJYS</controlfield>
  <datafield tag="040" ind1=" " ind2=" ">
    <subfield code="a">AR-UNSa-BCEJYS</subfield>
    <subfield code="b">spa</subfield>
    <subfield code="c">AR-UNSa-BCEJYS</subfield>
  </datafield>
  <datafield tag="080" ind1=" " ind2=" ">
    <subfield code="a">657-051</subfield>
    <subfield code="x">Profesional en Ciencias Econ&#xF3;micas (Contador...)</subfield>
  </datafield>
  <datafield tag="245" ind1="1" ind2="0">
    <subfield code="a">Consultas frecuentes</subfield>
    <subfield code="p">impuestos, laboral &amp; previsional, sociedades &amp; concursos, contabilidad</subfield>
  </datafield>
  <datafield tag="020" ind1=" " ind2=" ">
    <subfield code="a">978-987-01-1305-8</subfield>
  </datafield>
  <datafield tag="250" ind1=" " ind2=" ">
    <subfield code="a">5a. ed.</subfield>
  </datafield>
  <datafield tag="264" ind1=" " ind2="1">
    <subfield code="a">Buenos Aires :</subfield>
    <subfield code="b">Errepar</subfield>
    <subfield code="c">2011</subfield>
  </datafield>
  <datafield tag="300" ind1=" " ind2=" ">
    <subfield code="a">xxvii, 375 p.</subfield>
    <subfield code="c">27 cm.</subfield>
  </datafield>
  <datafield tag="505" ind1=" " ind2=" ">
    <subfield code="a">SECCI&#xD3;N I: Impuestos: 1. Impuestos a las ganancias - 2. Impuesto al valor agregado - 3. Monotributo - 4. Impuesto a la ganancia m&#xED;nima presunta - 5. Impuesto sobre los bienes personales - 6. Otros impuestos nacionales - 7. Reg&#xED;menes especiales - 8. Procedimiento fiscal - 9. Facturaci&#xF3;n y registraci&#xF3;n - 10. Impuestos provinciales - 11. Actividades econ&#xF3;micas - SECCION II: Trabajo y previsi&#xF3;n social: 1. Asignaciones familiares-SUAF - 2. Asociaciones gremiales de trabajadores - 3. Contrato de trabajo - 4. Jubilaciones y pensiones - 5. Ley nacional de empleo - 6. Obras sociales - 7. Riesgos del trabajo - 8. Seguro colectivo de vida - SECCI&#xD3;N III: Recursos de la seguridad social: 1. Aportes y contribuciones - 2. Asociaciones sindicales - 3. Identificaci&#xF3;n del contribuyente - 4. Monotributo - 5. Procedimiento - 6. R&#xE9;gimen de retenci&#xF3;n - 7. Retenciones de cuarta categor&#xED;a de impuesto a las ganancias - SECCION IV: Reg&#xED;menes laborales: 1. Comercio - 2. Construcci&#xF3;n - 3. Encargados de casas de renta y horizontal - 4. Ense&#xF1;anza privada - 5. Servicios dom&#xE9;stico - 6. Trabajo agrario - 7. Viajantes de comercio - SECCION V: Sociedades y concursos: 1. Sociedades comerciales - 2. Cooperativas, asociaciones civiles, mutuales y fundaciones - 3. Concurso y quiebras - SECCION VI: Contabilidad y auditor&#xED;a: 1. Contabilidad - 2. Auditor&#xED;a - SECCI&#xD3;N VII: Consultas de per&#xED;odos no prescriptos: 1. Impuestos - 2. Trabajo y previsi&#xF3;n social - 3. Jubilaciones y pensiones - 4. Recursos de la seguridad social - 5. Reg&#xED;menes laborales - 6. Sociedades y concursos - 7. Contabilidad y auditor&#xED;a.</subfield>
  </datafield>
  <datafield tag="041" ind1=" " ind2=" ">
    <subfield code="a">spa</subfield>
  </datafield>
  <datafield tag="942" ind1=" " ind2=" ">
    <subfield code="c">BK</subfield>
  </datafield>
  <datafield tag="590" ind1=" " ind2=" ">
    <subfield code="a">niveau_biblio:m niveau_hierar:0</subfield>
  </datafield>
  <datafield tag="100" ind1="1" ind2=" ">
    <subfield code="a">Cerchiara, Claudia M.</subfield>
  </datafield>
  <datafield tag="856" ind1="4" ind2="1">
    <subfield code="u">https://biblioeco.unsa.edu.ar/pmb/images/libros/Consultas frecuentes  Cerchiara, Claudia M. (2011).jpg</subfield>
    <subfield code="y">Imagen de portada</subfield>
    <subfield code="q">image/jpeg</subfield>
  </datafield>
  <datafield tag="999" ind1=" " ind2=" ">
    <subfield code="c">501</subfield>
    <subfield code="d">501</subfield>
  </datafield>
  <datafield tag="952" ind1=" " ind2=" ">
    <subfield code="0">0</subfield>
    <subfield code="1">0</subfield>
    <subfield code="4">0</subfield>
    <subfield code="7">0</subfield>
    <subfield code="a">BCEJYS</subfield>
    <subfield code="b">BCEJYS</subfield>
    <subfield code="c">16</subfield>
    <subfield code="d">2026-04-07</subfield>
    <subfield code="l">0</subfield>
    <subfield code="o">657-051 C412 5ed.</subfield>
    <subfield code="p">L118597</subfield>
    <subfield code="r">2026-04-07 15:54:40</subfield>
    <subfield code="w">2026-04-07</subfield>
    <subfield code="y">L</subfield>
  </datafield>
  <datafield tag="952" ind1=" " ind2=" ">
    <subfield code="0">0</subfield>
    <subfield code="1">0</subfield>
    <subfield code="4">0</subfield>
    <subfield code="7">0</subfield>
    <subfield code="a">BCEJYS</subfield>
    <subfield code="b">BCEJYS</subfield>
    <subfield code="c">16</subfield>
    <subfield code="d">2026-04-07</subfield>
    <subfield code="l">0</subfield>
    <subfield code="o">657-051 C412 5ed.</subfield>
    <subfield code="p">L119924</subfield>
    <subfield code="r">2026-04-07 15:54:40</subfield>
    <subfield code="w">2026-04-07</subfield>
    <subfield code="y">L</subfield>
  </datafield>
</record>
